Формы организации науки в Сибири. Исторический аспект

Библиографические подробности
Автор-организация: Академия наук СССР (АН СССР) Сибирское отделение (СО) Институт истории, филологии и философии
Другие авторы: Соскин В. Л. (редактор)
Язык:русский
Опубликовано: Новосибирск, Наука, 1988
Предметы:
Формат: Книга
Запись в KOHA:https://koha.lib.tpu.ru/cgi-bin/koha/opac-detail.pl?biblionumber=258740

MARC

LEADER 00000nam0a2200000 4500
001 258740
005 20231101233324.0
010 |a 5020289698 
035 |a (RuTPU)RU\TPU\book\281628 
090 |a 258740 
100 |a 20140428d1988 k y0rusy50 ca 
101 0 |a rus 
102 |a RU 
105 |a y z 001zy 
200 1 |a Формы организации науки в Сибири. Исторический аспект  |f Академия наук СССР (АН СССР), Сибирское отделение (СО), Институт истории, филологии и философии ; под ред. В. Л. Соскина 
210 |a Новосибирск  |c Наука  |d 1988 
215 |a 223 с. 
320 |a Библиография в конце глав. 
606 1 |a Наука  |x История  |y Россия  |y СССР  |2 stltpush  |3 (RuTPU)RU\TPU\subj\45077  |9 64339 
610 1 |a Сибирь 
610 1 |a социальная организация 
610 1 |a научные исследования 
610 1 |a формы 
610 1 |a опытные станции 
610 1 |a научные учреждения 
610 1 |a научные кадры 
686 |a Ч213(2)  |v LBC/SL-A  |2 rubbk 
702 1 |a Соскин  |b В. Л.  |4 340 
712 0 2 |a Академия наук СССР (АН СССР)  |b Сибирское отделение (СО)  |b Институт истории, филологии и философии  |c (Новосибирск)  |2 stltpush  |3 (RuTPU)RU\TPU\col\11501 
801 1 |a RU  |b 63413507  |c 20140428 
801 2 |a RU  |b 63413507  |c 20220111  |g RCR 
942 |c BK